Mythologie Grecque : Quiz sur Athéna - Statistiques

Statistiques générales
  • Ce quiz a été pris 328 fois
  • Le résultat moyen est 6 sur 12
Statistiques - réponses
Question Réponse % Correct
Père d'Athéna Zeus
98%
Animal attribué Chouette
82%
Arme associée Lance
72%
Elle serait née en sortant de cette partie du corps de son père. Tête
68%
Équivalent romain Minerve
65%
Quel temple grec lui est consacré ? Parthénon
63%
Végétal associé Olivier
56%
Avec Artémis et Hestia,elles sont parmi les seules déesses à le rester. Vierges
43%
Mère d'Athéna Métis
33%
Bouclier célèbre avec le visage de Méduse sur celui-ci. Égide
24%
Déesse de la sagesse et de la.... Guerre stratégique
8%
Couleurs principales attribuées Bleu et Or
1%
Aucun quiz correspondant
Distribution des résultats
% des personnes avec chaque résultat
Percentile par nombre de réponses
Votre historique - résultats
Vous n’avez pas pris ce quiz